000 00691nam a22002297a 4500
003 OSt
005 20240704103524.0
008 240704b |||||||| |||| 00| 0 eng d
020 _a0039228800
040 _cMUST
082 _a330 VOG 1993
100 _aVogt, Roy
_918426
245 _aEconomics :
_bunderstanding the canadian economy /
_cRoy Vogt, Beverly J. Cameron, Edwin G. Dolan
250 _a4th.ed.
260 _aToronto
_bDryden
_c1993
300 _axxxix, 794p.:
_bcol.ill :
_c32 cm.
504 _aIncludes bibliographical references and index
651 _aEconomics
_918427
700 _aCameron, Beverly J.
_918428
700 _aDolan, Edwin G
_918429
942 _2ddc
_cO_SHELF
999 _c9061
_d9061